Kogo to numer - zagraniczny rap #7 - Statystyki

Ogólne statystyki
  • Ten quiz został rozwiązany 47 razy
  • Średni wynik to 6 z 10
Statystyki odpowiedzi
Hint Odpowiedź % Poprawnych
Swimming Pools (Drank) Kendrick Lamar
91%
IGOR'S THEME Tyler, The Creator
82%
Bound 2 Kanye West
80%
It Was A Good Day Ice Cube
77%
Shoota Playboi Carti, Lil Uzi Vert
70%
ball w/o you 21 Savage
59%
Pluto to Mars Lil Uzi Vert
55%
Drankin N Smokin Future, Lil Uzi Vert
45%
Already Dead Juice WRLD
41%
Hurts Me Tory Lanez, Trippie Redd
27%
Nie znaleziono quizów pasujących do podanych kryteriów
Rozkład punktacji
Procent ludzi z każdym wynikiem
Percentyl według liczby udzielonych odpowiedzi
Twoja historia wyników
Nie rozwiązałeś tego quizu